000 00307nam a22001337a 4500
041 _aENG
100 _aRoberts .M.B.V
245 _aBiology A functional Approach
250 _a4th Ed
260 _aDelhi
_bThomas Nelon And Sons
_c1999
300 _a693
650 _aAgricultural
856 _uAgricultural
999 _c623
_d623